Quiz Alfabetyczny - Statystyki

Ogólne statystyki
  • Ten quiz został rozwiązany 27 razy
  • Średni wynik to 16 z 22
Statystyki odpowiedzi
Podpowiedź Odpowiedź % Poprawnych
Nazwisko polityka znanego z gaśnicy Braun
90%
Państwo w którym jest Wieża Eiffla Francja
90%
Imię pani polityk z czerwonymi koralami Joanna
90%
Imię brata Jarosława Kaczyńskiego który zginął w Rosji Lech
90%
Państwo którym rządzi Putin Rosja
90%
Wikipedia. Wolna ................ Encyklopedia
85%
Pięcioliterowy skrót hasła chuliganów obrażający policję CHWDP
80%
Choroba - zespół Downa
80%
Pierwszy kraj który zlegalizował związki jednopłciowe Holandia
80%
Market znany z klopsików IKEA
80%
Stolica Ukrainy Kijów
80%
Druga osoba liczby pojedyńczej Ty
80%
Pierwsza pora roku która jest cała w "nowym roku" Wiosna
80%
Nazwisko Adriana, kandydata na prezydenta 2025 Zandberg
80%
Znany narkotyk, może być leczniczy Marihuana
75%
Jedna druga lub 0.43 Ułamek
75%
Znana platforma sprzedażowa z Chin Aliexpress
70%
Rozwinięcie skrótu OMG O My God
70%
Trzech Krzyży, w Kazimierzu Dolnym Góra
65%
Lek który nie działa Placebo
45%
Stacja telewizyjna z czerwoną kulą zamiast "O" Nowa TV
15%
Zespół w którym wokalistą jest Serj Tankian System of a Down
15%
Nie znaleziono quizów pasujących do podanych kryteriów
Rozkład punktacji
Procent ludzi z każdym wynikiem
Percentyl według liczby udzielonych odpowiedzi
Twoja historia wyników
Nie rozwiązałeś tego quizu